Comuni della Provincia di Padova (con mappa) - Statistics

Statistiche generali
  • Questo quiz è stato fatto 150 volte
  • Il punteggio medio è 46 su 101
Risposte nella Mappa
Le risposte nella mappa del quiz sottostante sono codificate secondo una scala di colori dal rosso al verde in base alla % di persone che hanno risposto correttamente.
 
Statistiche sulle risposte
Risposta % Corretto
Padova
98%
Abano Terme
85%
Este
83%
Monselice
80%
Cittadella
78%
Noventa Padovana
78%
Vo'
76%
Albignasego
74%
Piove di Sacco
74%
Vigonza
72%
Montagnana
67%
Montegrotto Terme
67%
Rubano
67%
Campodarsego
65%
Limena
65%
Mestrino
65%
Battaglia Terme
63%
Camposampiero
63%
Selvazzano Dentro
63%
Vigodarzere
63%
Cadoneghe
61%
Piazzola sul Brenta
61%
Arquà Petrarca
57%
Ponte San Nicolò
57%
Trebaseleghe
57%
Teolo
54%
Villafranca Padovana
54%
Borgoricco
52%
Galliera Veneta
52%
Due Carrare
50%
Torreglia
50%
Carmignano di Brenta
48%
Conselve
48%
Ospedaletto Euganeo
48%
San Giorgio in Bosco
48%
Tombolo
48%
Villa del Conte
48%
Agna
46%
Bovolenta
46%
Fontaniva
46%
Legnaro
46%
San Martino di Lupari
46%
San Pietro in Gu
46%
Galzignano Terme
43%
Villanova di Camposampiero
43%
Casalserugo
41%
Cinto Euganeo
41%
San Giorgio delle Pertiche
41%
Santa Giustina in Colle
41%
Sant'Elena
41%
Saonara
41%
Campodoro
39%
Gazzo
39%
Grantorto
39%
Maserà di Padova
39%
Massanzago
39%
Pernumia
39%
Piombino Dese
39%
Solesino
39%
Anguillara Veneta
37%
Arre
37%
Boara Pisani
37%
Campo San Martino
37%
Codevigo
37%
Curtarolo
37%
Loreggia
37%
Rovolon
37%
Bagnoli di Sopra
35%
Baone
35%
Cartura
35%
Pozzonovo
35%
Saccolongo
35%
Stanghella
35%
Tribano
35%
Villa Estense
35%
Brugine
33%
San Pietro Viminario
33%
Sant'Angelo di Piove di Sacco
33%
Veggiano
33%
Arzergrande
30%
Borgo Veneto
30%
Cervarese Santa Croce
30%
Correzzola
30%
Polverara
30%
Terrassa Padovana
30%
Candiana
28%
Casale di Scodosia
28%
Merlara
28%
Piacenza d'Adige
28%
Pontelongo
28%
Sant'Urbano
28%
Urbana
28%
Granze
26%
Lozzo Atestino
26%
Santa Caterina d'Este
26%
Castelbaldo
24%
Ponso
24%
Vescovana
24%
Barbona
22%
Masi
22%
Megliadino San Vitale
22%
Nessun quiz corrispondente trovato
Distribuzione punteggi
Percentuale di utenti per punteggio
Percentile per numero di risposta
I tuoi punteggi nel tempo
Non hai fatto questo quiz